000 00288nam a22001337a 4500
008 180125b xxu||||| |||| 00| 0 eng d
020 _a9780133913309
041 _aeng
080 _a32
100 _a19
101 _aPOL
245 _aAmerican government
_cO'CONNOR.K
942 _2udc
_cBK
999 _c40937
_d40937